[Event "St Petersburg Korchnoi Memorial op"]
[Site "St Petersburg"]
[Date "2024.08.19"]
[Round "5"]
[White "Babeikin, Kiryl"]
[Black "Maklakov, Ivan"]
[Result "1-0"]
[WhiteElo "1704"]
[BlackElo "1471"]
[PlyCount "81"]
[EventDate "2024.08.17"]
[EventType "swiss"]
[EventRounds "9"]
[EventCountry "RUS"]
[SourceTitle "EXT 2025"]
[Source "ChessBase"]
[SourceDate "2024.10.14"]
[SourceVersion "1"]
[SourceVersionDate "2024.10.14"]
[SourceQuality "1"]

1. e4 e6 2. d4 d5 3. Nd2 c5 4. Ngf3 Nc6 5. exd5 exd5 6. Bb5 Be7 7. 0-0 Nf6 8. dxc5 Bxc5 9. Re1+ Be7 10. Qe2 Bd7 11. Bxc6 bxc6 12. b3 Be6 13. Nd4 Qd7 14. Bb2 Bb4 15. c3 Bd6 16. Nxe6 fxe6 17. Qxe6+ Qxe6 18. Rxe6+ Kd7 19. Re2 Rhf8 20. Rae1 Ng4 21. h3 Nf6 22. c4 Nh5 23. g3 Bc5 24. Kg2 Rae8 25. Nf3 Rb8 26. cxd5 cxd5 27. Ne5+ Kd6 28. Nd3 Kc6 29. Rc2 Rb5 30. Nxc5 Rxc5 31. Rxc5+ Kxc5 32. Ba3+ Kd4 33. Bxf8 Kc3 34. Re5 d4 35. Rxh5 d3 36. Kf3 Kc2 37. Ke3 d2 38. Rc5+ Kd1 39. Bxg7 h6 40. f4 Ke1 41. Bc3 1-0